Les meilleurs buteurs de l'histoire de l'Olympique de Marseille - Statistiques

Statistiques générales
  • Ce quiz a été pris 283 fois
    87 depuis la dernière actualisation
  • Le résultat moyen est 2 sur 10
Statistiques - réponses
Buts Nationalité Joueur % Correct
182 France Jean-Pierre Papin
93%
100 Sénégal Mamadou Niang
67%
176 Croatie Josip Skoblar
44%
194 Suède / France Gunnar Andersson
33%
149 France Emmanuel Aznar
0%
107 France Georges Dard
0%
170 France Jean Boyer
0%
140 France Joseph Alcazar
0%
113 Cameroun Joseph Yegba Maya
0%
100 France Mario Zatelli
0%
Aucun quiz correspondant
Distribution des résultats
% des personnes avec chaque résultat
Percentile par nombre de réponses
Votre historique - résultats
Vous n’avez pas pris ce quiz depuis la dernière actualisation